| 000 | 01078nam a22002657a 4500 | ||
|---|---|---|---|
| 005 | 20170124103205.0 | ||
| 010 | _a533790 | ||
| 020 | _c8.00 | ||
| 035 | _a533790 | ||
| 037 | _bCen Lib/Ret | ||
| 040 |
_aDPL _bHN |
||
| 082 |
_a420 _bतिवारी |
||
| 100 |
_aतिवारी, भोलानाथ _993568 |
||
| 245 |
_aशब्दों का अध्ययन / _cभोलानाथ तिवारी |
||
| 246 |
_aShbdon ka adhyayan / _bby Bholanath Tiwari |
||
| 260 |
_aदिल्ली _bशब्दकार _c1969 |
||
| 270 |
_bदिल्ली _a2203, गली डकोतन, तुर्कमान गेट _e110006 |
||
| 300 |
_a239पृ. _c21सेमी.(सजिल्द) |
||
| 500 | _aपरिशिष्ट शामिल | ||
| 650 |
_aहिन्दी भाषा _993569 |
||
| 650 |
_aहिन्दी भाषा का विकास _954158 |
||
| 650 |
_a Hindi Language _99446 |
||
| 650 |
_aDevelopment of Hindi Language _993570 |
||
| 942 |
_2ddc _cHN _h420 _mतिवारी |
||
| 999 |
_c120955 _d120955 |
||